Statistiques concernant Villes aléatoires sur une carte par lettre - F

Cliquez ici pour prendre le quiz!

Statistiques générales

  • Ce quiz a été pris 567 fois
  • Le résultat moyen est 2 sur 5

Réponses sur la Carte

Les réponses sont colorées sur une échelle allant du rouge au vert en fonction du pourcentage des utilisateurs qui les ont devinées à leur premier essai. Vous pouvez retrouver ces pourcentages ci-dessous.
 

Statistiques - réponses

Ville% Correct
Florence
96%
Francfort-sur-le-Main
86%
Freetown
60%
Funafuti
42%
Fez
38%
Fortaleza
34%
Fukuoka
33%
Faisalabad
24%
Fort Worth
16%
Fort Lauderdale
15%
Fort Wayne
9%
Fuzhou
6%

Distribution des résultats

Percentile par nombre de réponses

% des personnes avec chaque résultat

Votre développement - résultats

Vous n’avez pas pris ce quiz